[Event "CEDIS Festival saha 2023 - 1. turnir"]
[Site "Podgorica"]
[Date "2023.04.08"]
[Round "3.4"]
[White "Zivkovic, Slaven"]
[Black "Kisic, Bozidar"]
[Result "1/2-1/2"]
[WhiteElo "1929"]
[BlackElo "2227"]
[PlyCount "117"]
[EventDate "2023.04.07"]
[EventType "swiss"]
[EventRounds "5"]
[EventCountry "MNE"]
[SourceVersionDate "2023.04.08"]

1. e4 Nf6 2. e5 Nd5 3. c4 Nb6 4. d4 d6 5. exd6 exd6 6. Nc3 Be7 7. Be3 Nc6 8.
Be2 O-O 9. Nf3 Bf5 10. O-O Bf6 11. a3 a6 12. Rc1 d5 13. c5 Nc8 14. b4 Bg4 15.
h3 Bxf3 16. Bxf3 N6e7 17. Qd3 c6 18. Ne2 Ng6 19. Ng3 Re8 20. Nf5 Nf8 21. Bf4
Ne6 22. Be5 g6 23. Nh6+ Kg7 24. Ng4 Bxe5 25. dxe5 Qg5 26. g3 Ne7 27. h4 Qf5 28.
Qe3 Ng8 29. Be2 h5 30. Nh2 d4 31. Qd3 Qxe5 32. Nf3 Qf6 33. Rfd1 Nh6 34. Nd2 Nf5
35. Ne4 Qe7 36. Bf3 Qc7 37. Bg2 Rad8 38. Bh3 Qe5 39. Bxf5 Qxf5 40. Nd6 Qg4 41.
Nxe8+ Rxe8 42. Re1 Rd8 43. Qe4 Qxe4 44. Rxe4 d3 45. Rd1 Nd4 46. Kg2 Nc2 47. a4
Rd5 48. Rd2 f5 49. Re7+ Kf6 50. Rxb7 Ke5 51. b5 axb5 52. axb5 cxb5 53. c6 Rc5
54. c7 Kd4 55. Kf1 Kc3 56. Rxb5 Rxc7 57. Rd1 d2 58. Rd5 Nd4 59. Rxd4 1/2-1/2

[Event "CEDIS Festival saha 2023 - 1. turnir"]
[Site "Podgorica"]
[Date "2023.04.08"]
[Round "3.5"]
[White "Skvortsova, Alena"]
[Black "Dedic, Slavko"]
[Result "1-0"]
[WhiteElo "2039"]
[BlackElo "1797"]
[PlyCount "51"]
[EventDate "2023.04.07"]
[EventType "swiss"]
[EventRounds "5"]
[EventCountry "MNE"]
[SourceVersionDate "2023.04.08"]

1. e4 e5 2. Nf3 Nc6 3. d4 exd4 4. Nxd4 Nxd4 5. Qxd4 d6 6. Nc3 Nf6 7. Bg5 Be7 8.
O-O-O O-O 9. f3 h6 10. Be3 Be6 11. Kb1 a6 12. Qd2 b5 13. h4 h5 14. Nd5 Nxd5 15.
exd5 Bf5 16. Bd3 Bxd3 17. Qxd3 f5 18. Bd4 Bxh4 19. g4 g6 20. gxh5 g5 21. Rxh4
gxh4 22. Rg1+ Kh7 23. Rg7+ Kh6 24. Qe3+ Kxh5 25. Rh7+ Kg6 26. Qh6# 1-0

[Event "CEDIS Festival saha 2023 - 1. turnir"]
[Site "Podgorica"]
[Date "2023.04.08"]
[Round "3.7"]
[White "Grbovic, Dino"]
[Black "Abramovic, Dragoljub"]
[Result "0-1"]
[WhiteElo "1713"]
[BlackElo "2016"]
[PlyCount "158"]
[EventDate "2023.04.07"]
[EventType "swiss"]
[EventRounds "5"]
[EventCountry "MNE"]
[SourceVersionDate "2023.04.08"]

1. e4 Nc6 2. Nc3 Nf6 3. d4 d5 4. e5 Ng8 5. f4 h5 6. Nf3 Bf5 7. Bd3 Nh6 8. Be3
e6 9. a3 Be7 10. Qd2 Bxd3 11. Qxd3 Qd7 12. b4 Nf5 13. Bf2 g6 14. Rb1 a6 15. O-O
Kf8 16. Nd1 Rd8 17. Ne3 Nxe3 18. Bxe3 Na7 19. Rfc1 b5 20. c3 Nc8 21. Nd2 Nb6
22. Qe2 Qc6 23. Qf3 Kg7 24. Bf2 h4 25. Rb2 a5 26. Rbc2 Qa8 27. Qg4 Nc4 28. Nxc4
dxc4 29. Re2 Qd5 30. Rcc2 Ra8 31. Be1 axb4 32. axb4 Ra1 33. Kf2 h3 34. Qf3
Qxf3+ 35. Kxf3 hxg2 36. Kxg2 Rha8 37. Kf3 R8a3 38. Ke4 c6 39. Re3 Bxb4 40. Bh4
Bf8 41. Rg2 Kg8 42. Bf6 b4 43. cxb4 Bxb4 44. Rb2 Rxe3+ 45. Kxe3 Ra3+ 46. Ke2
Rb3 47. Ra2 Ba3 48. Kd2 Rb2+ 49. Rxb2 Bxb2 50. Ke3 c3 51. Kd3 c2 52. Kxc2 Bxd4
53. Kd3 Bb6 54. Be7 Kg7 55. Kc4 Be3 56. Bg5 Kf8 57. Kd3 Bg1 58. h3 Ke8 59. Kc4
Kd7 60. Bh4 Kc7 61. Bf6 Kb7 62. Bh4 Ka6 63. Bf6 Ka5 64. Be7 Be3 65. Bg5 Ka4 66.
Bh6 Ka3 67. Kd3 Bb6 68. Kc3 Ka2 69. Kc2 Bc5 70. Bg5 Bb4 71. Bd8 Ka3 72. Bc7 c5
73. Bd8 c4 74. Bh4 Ka4 75. Bg5 Kb5 76. Bh4 Kc6 77. Bg5 Kd5 78. Bf6 Ke4 79. Bg5
Be1 0-1

[Event "CEDIS Festival saha 2023 - 1. turnir"]
[Site "Podgorica"]
[Date "2023.04.08"]
[Round "3.9"]
[White "Vujadinovic, Zeljko"]
[Black "Maras, Marija Mia"]
[Result "1-0"]
[WhiteElo "1840"]
[BlackElo "1035"]
[PlyCount "77"]
[EventDate "2023.04.07"]
[EventType "swiss"]
[EventRounds "5"]
[EventCountry "MNE"]
[SourceVersionDate "2023.04.08"]

1. d4 Nf6 2. Nf3 d5 3. c4 g6 4. Nc3 e6 5. Bg5 Bg7 6. e3 O-O 7. Ne5 Nbd7 8. cxd5
exd5 9. Nxd5 c6 10. Nxf6+ Nxf6 11. Be2 h6 12. Bh4 Qa5+ 13. Qd2 Qxd2+ 14. Kxd2
g5 15. Bg3 Ne4+ 16. Kc2 Nxg3 17. hxg3 c5 18. Rad1 Bf5+ 19. Bd3 Bxd3+ 20. Rxd3
Rac8 21. Kb1 Rfd8 22. Rhd1 Rd5 23. f4 cxd4 24. Rxd4 Rxd4 25. exd4 Rd8 26. d5
Bxe5 27. fxe5 Kg7 28. Kc2 Kg6 29. Kc3 Kf5 30. Kd4 b6 31. Rf1+ Kg6 32. Rf6+ Kg7
33. Rc6 Rd7 34. d6 Rd8 35. Kd5 Kg6 36. Rc7 a6 37. g4 Kg7 38. e6 Rf8 39. e7 1-0

[Event "CEDIS Festival saha 2023 - 1. turnir"]
[Site "Podgorica"]
[Date "2023.04.08"]
[Round "3.10"]
[White "Lakusic, Zoran"]
[Black "Ivanovic, Tara"]
[Result "1-0"]
[WhiteElo "1639"]
[BlackElo "1530"]
[PlyCount "120"]
[EventDate "2023.04.07"]
[EventType "swiss"]
[EventRounds "5"]
[EventCountry "MNE"]
[SourceVersionDate "2023.04.08"]

1. c4 e5 2. Nc3 Nf6 3. b3 Nc6 4. Bb2 Bc5 5. e3 O-O 6. a3 a5 7. Qc2 d6 8. Bd3
Re8 9. Nd5 h6 10. Ne2 Nxd5 11. cxd5 Ne7 12. e4 Ng6 13. Bb5 Rf8 14. g3 Qe7 15.
h4 f5 16. h5 Nh8 17. f4 exf4 18. d4 Bb6 19. Nxf4 Qxe4+ 20. Qxe4 fxe4 21. Be2
Nf7 22. Kd2 Ng5 23. Ke3 Bd7 24. a4 c6 25. Rac1 Rac8 26. dxc6 bxc6 27. Ba3 Rf6
28. Ng6 Re8 29. Bc4+ d5 30. Be2 Nf3 31. Bc5 Rb8 32. Bd1 Bc7 33. Nf4 Ng5 34. Rb1
Bxf4+ 35. gxf4 Ne6 36. Bd6 Rb7 37. Be5 Rf7 38. Rg1 c5 39. dxc5 Bxa4 40. Bg4 d4+
41. Bxd4 Nxd4 42. bxa4 Nc2+ 43. Kd2 Nd4 44. Kc3 Rxb1 45. Rxb1 Rxf4 46. Kxd4
Rxg4 47. c6 e3+ 48. Kd5 Rg5+ 49. Kd6 Rg4 50. c7 Rc4 51. Rb8+ Kf7 52. c8=Q Rxc8
53. Rxc8 e2 54. Rc1 Kf6 55. Re1 Kg5 56. Rxe2 Kxh5 57. Re5+ g5 58. Rxa5 Kh4 59.
Ke5 g4 60. Kf4 g3 1-0

[Event "CEDIS Festival saha 2023 - 1. turnir"]
[Site "Podgorica"]
[Date "2023.04.08"]
[Round "3.11"]
[White "Peric, Toman"]
[Black "Mosurovic, Milena"]
[Result "0-1"]
[WhiteElo "1134"]
[BlackElo "1565"]
[PlyCount "136"]
[EventDate "2023.04.07"]
[EventType "swiss"]
[EventRounds "5"]
[EventCountry "MNE"]
[SourceVersionDate "2023.04.08"]

1. e4 e5 2. Nf3 Nc6 3. d4 exd4 4. Nxd4 Nf6 5. Nc3 Bb4 6. Nxc6 bxc6 7. Bd3 O-O
8. Bg5 Be7 9. e5 Nd5 10. Bxe7 Qxe7 11. Nxd5 cxd5 12. Qe2 Re8 13. f4 d6 14. Bb5
Bd7 15. Bxd7 Qxd7 16. O-O-O dxe5 17. fxe5 Qe6 18. Rhe1 f6 19. Qd2 c6 20. exf6
Qxf6 21. Rxe8+ Rxe8 22. Re1 Rb8 23. c3 h6 24. Qe3 Qh4 25. Qg3 Qxg3 26. hxg3 Kf7
27. b3 Rb7 28. Kd2 Re7 29. Rxe7+ Kxe7 30. Kd3 Kd6 31. c4 c5 32. g4 g6 33. g3 d4
34. Ke4 Ke6 35. a3 a5 36. Kf4 Kd6 37. Ke4 Kc6 38. Kd3 Kd6 39. Ke4 Ke6 40. Kf4
Kd6 41. Ke4 g5 42. a4 Ke6 43. Kf3 Ke5 44. Ke2 Ke4 45. Kd2 d3 46. b4 cxb4 47. c5
Kd5 48. c6 Kxc6 49. Kxd3 Kd5 50. Kc2 Kc4 51. Kb2 b3 52. Kb1 Kb4 53. Kb2 Kxa4
54. Kb1 Kb4 55. Kb2 a4 56. Ka1 Ka3 57. Kb1 b2 58. Kc2 Ka2 59. Kc3 b1=Q 60. Kd4
Qe1 61. Kc5 Qe4 62. Kb6 Qd5 63. Kc7 Kb3 64. Kb8 Qd7 65. Ka8 Kb4 66. Kb8 Kb5 67.
Ka8 Kb6 68. Kb8 Qd8# 0-1

[Event "CEDIS Festival saha 2023 - 1. turnir"]
[Site "Podgorica"]
[Date "2023.04.09"]
[Round "4.1"]
[White "Draganic, Veljko"]
[Black "Skvortsov, Andrei"]
[Result "1-0"]
[WhiteElo "2263"]
[BlackElo "2313"]
[PlyCount "43"]
[EventDate "2023.04.07"]
[EventType "swiss"]
[EventRounds "5"]
[EventCountry "MNE"]
[SourceVersionDate "2023.04.08"]

1. e4 d5 2. exd5 Qxd5 3. Nf3 Bg4 4. Be2 Nc6 5. d4 O-O-O 6. c4 Qd7 7. d5 Bxf3 8.
gxf3 Nb8 9. Nc3 e6 10. Nb5 Na6 11. Bf4 Bb4+ 12. Kf1 Nf6 13. Nxa7+ Kb8 14. Nc6+
bxc6 15. Qa4 cxd5 16. Qxa6 Bd6 17. c5 Bxc5 18. Rc1 Bd4 19. Bxc7+ Qxc7 20. Rxc7
Kxc7 21. Kg2 Bxb2 22. Qa5+ 1-0

[Event "CEDIS Festival saha 2023 - 1. turnir"]
[Site "Podgorica"]
[Date "2023.04.09"]
[Round "4.2"]
[White "Scekic, Veljko"]
[Black "Vukcevic, Nemanja"]
[Result "0-1"]
[WhiteElo "2182"]
[BlackElo "2305"]
[PlyCount "66"]
[EventDate "2023.04.07"]
[EventType "swiss"]
[EventRounds "5"]
[EventCountry "MNE"]
[SourceVersionDate "2023.04.08"]

1. e4 c5 2. Nf3 d6 3. Bb5+ Nd7 4. d4 cxd4 5. Nxd4 Ngf6 6. Nc3 e6 7. O-O Qc7 8.
Re1 a6 9. Bf1 Be7 10. g3 b5 11. Bg2 Bb7 12. a3 O-O 13. Qe2 Rac8 14. Nd1 Rfe8
15. c3 Bf8 16. f3 g6 17. Nf2 e5 18. Nc2 d5 19. Be3 d4 20. Bd2 Nc5 21. cxd4 Nb3
22. Bc3 Nxa1 23. Nxa1 Nd5 24. exd5 exd4 25. Ne4 Rxe4 26. fxe4 dxc3 27. bxc3
Qxc3 28. Rd1 Bd6 29. Bf3 h5 30. Kg2 h4 31. gxh4 Qe5 32. Kh1 Rc3 33. Bg4 Re3 0-1

[Event "CEDIS Festival saha 2023 - 1. turnir"]
[Site "Podgorica"]
[Date "2023.04.09"]
[Round "4.3"]
[White "Jovancevic, Jovan"]
[Black "Skvortsov, Alena"]
[Result "1/2-1/2"]
[WhiteElo "2161"]
[BlackElo "2039"]
[PlyCount "105"]
[EventDate "2023.04.07"]
[EventType "swiss"]
[EventRounds "5"]
[EventCountry "MNE"]
[SourceVersionDate "2023.04.08"]

1. d4 d5 2. c4 c6 3. Nc3 Nf6 4. e3 e6 5. Nf3 Nbd7 6. Be2 Bd6 7. O-O Ne4 8. Nxe4
dxe4 9. Nd2 f5 10. b3 Qc7 11. f4 c5 12. Bb2 O-O 13. Nb1 a6 14. Kh1 Kh8 15. Rg1
cxd4 16. Qxd4 e5 17. Qc3 Re8 18. a4 Nf6 19. g3 b6 20. a5 Bb7 21. b4 Qe7 22.
axb6 Bxb4 23. Qb3 Rad8 24. Ba3 Bc5 25. Bxc5 Qxc5 26. Qa3 Qxb6 27. c5 Qc7 28.
Qa5 Qxa5 29. Rxa5 Rd3 30. Ra3 exf4 31. gxf4 Rc8 32. Rc1 Rxa3 33. Nxa3 Nd7 34.
Rb1 Nxc5 35. Nc4 g6 36. Nd6 Rc7 37. h4 Rd7 38. Nc4 Nd3 39. Rb6 Bd5 40. Nd6 a5
41. h5 Kg7 42. Ne8+ Kf7 43. Nf6 Rd8 44. h6 a4 45. Nxh7 a3 46. Ng5+ Kg8 47.
Rxg6+ Kh8 48. Rg7 a2 49. Rh7+ Kg8 50. Rg7+ Kh8 51. Rh7+ Kg8 52. Rg7+ Kh8 53.
Rh7+ 1/2-1/2

[Event "CEDIS Festival saha 2023 - 1. turnir"]
[Site "Podgorica"]
[Date "2023.04.09"]
[Round "4.4"]
[White "Kisic, Bozidar"]
[Black "Tomic, Aleksandar"]
[Result "1/2-1/2"]
[WhiteElo "2227"]
[BlackElo "2396"]
[PlyCount "125"]
[EventDate "2023.04.07"]
[EventType "swiss"]
[EventRounds "5"]
[EventCountry "MNE"]
[SourceVersionDate "2023.04.08"]

1. Nf3 d5 2. b3 Bg4 3. Bb2 Bxf3 4. exf3 e6 5. f4 Nf6 6. Qf3 Nbd7 7. Nc3 c6 8.
g4 Qa5 9. g5 Ng8 10. a3 O-O-O 11. Ne2 Ne7 12. h4 Re8 13. Ng3 Rg8 14. h5 Nf5 15.
Bd3 g6 16. Ne2 Bg7 17. O-O-O Bxb2+ 18. Kxb2 Nd6 19. Nc1 Qb6 20. hxg6 hxg6 21.
Rh7 Rh8 22. Rdh1 Rxh7 23. Rxh7 a5 24. Qe3 a4 25. Qxb6 Nxb6 26. bxa4 Nxa4+ 27.
Ka2 c5 28. Bf1 c4 29. d3 Nc3+ 30. Ka1 b5 31. Ne2 Nxe2 32. Bxe2 Kd7 33. Kb2 Ra8
34. d4 Ke7 35. c3 Ne4 36. Rh2 Rg8 37. Bd1 Nd6 38. Bc2 Ne8 39. Rh7 Ng7 40. Bd1
Nf5 41. Bc2 Nd6 42. Bb1 Nc8 43. Bc2 Nb6 44. Rh3 Nd7 45. Kc1 Nf8 46. Kd2 Rg7 47.
Rh1 Rh7 48. Rb1 Rh2 49. Ke2 Rh3 50. Rxb5 Rxc3 51. Rb7+ Kd6 52. Kd2 Rxa3 53.
Rxf7 Ra8 54. Rf6 Ke7 55. Bxg6 Nxg6 56. Rxg6 Ra3 57. Rg7+ Kf8 58. Rg6 Rd3+ 59.
Ke2 Kf7 60. Rf6+ Ke7 61. f5 exf5 62. Rxf5 Rxd4 63. g6 1/2-1/2

[Event "CEDIS Festival saha 2023 - 1. turnir"]
[Site "Podgorica"]
[Date "2023.04.09"]
[Round "4.5"]
[White "Abramovic, Dragoljub"]
[Black "Vujadinovic, Zeljko"]
[Result "1-0"]
[WhiteElo "2016"]
[BlackElo "1840"]
[PlyCount "99"]
[EventDate "2023.04.07"]
[EventType "swiss"]
[EventRounds "5"]
[EventCountry "MNE"]
[SourceVersionDate "2023.04.08"]

1. d4 d5 2. c4 c6 3. Nc3 Nf6 4. Bg5 e6 5. e3 Be7 6. Nf3 O-O 7. Qc2 a6 8. Bd3 b5
9. cxb5 cxb5 10. Bxf6 Bxf6 11. Bxh7+ Kh8 12. Bd3 Bb7 13. h4 Nd7 14. a3 Rc8 15.
Qe2 g6 16. Ng5 Bxg5 17. hxg5+ Kg7 18. f4 Qb6 19. Kf2 Rh8 20. g4 b4 21. axb4
Qxb4 22. Kg3 Nb6 23. f5 exf5 24. gxf5 gxf5 25. Bxf5 Rce8 26. Rxh8 Rxh8 27. Qf2
Nc4 28. Bd3 Qe7 29. Qf6+ Qxf6 30. gxf6+ Kxf6 31. Bxc4 dxc4 32. Ra4 Rc8 33. Rb4
Rc7 34. Na4 Kf5 35. Nc5 Bd5 36. Rb6 Rc6 37. Rxc6 Bxc6 38. Nxa6 Ke4 39. Kf2 Kf5
40. Nc5 Kg4 41. Ke2 f5 42. Ne6 Bd7 43. Nf4 Kg3 44. d5 Bb5 45. Kd2 Kf3 46. Ne2
Bd7 47. Nc3 f4 48. e4 Kg2 49. e5 Bf5 50. e6 1-0

[Event "CEDIS Festival saha 2023 - 1. turnir"]
[Site "Podgorica"]
[Date "2023.04.09"]
[Round "4.7"]
[White "Mosurovic, Milena"]
[Black "Djukanovic, Sreten"]
[Result "0-1"]
[WhiteElo "1565"]
[BlackElo "2148"]
[PlyCount "54"]
[EventDate "2023.04.07"]
[EventType "swiss"]
[EventRounds "5"]
[EventCountry "MNE"]
[SourceVersionDate "2023.04.08"]

1. e4 d6 2. Nc3 g6 3. g3 h5 4. h3 e5 5. d3 Be6 6. Be3 Nf6 7. Bg2 Nc6 8. Nf3 Be7
9. d4 exd4 10. Nxd4 Nxd4 11. Qxd4 c5 12. Qd2 Nd7 13. Nd5 Bxd5 14. Qxd5 Qb6 15.
O-O O-O 16. b3 Qa6 17. a4 Nf6 18. Qd2 c4 19. Bf4 Rac8 20. Rfd1 Rfd8 21. Bf1
Nxe4 22. Qe3 d5 23. f3 Bc5 24. Rd4 Re8 25. Bxc4 Qf6 26. Rad1 Nxg3 27. Qd2 Nf5
0-1

[Event "CEDIS Festival saha 2023 - 1. turnir"]
[Site "Podgorica"]
[Date "2023.04.09"]
[Round "4.8"]
[White "Dedeic, Huso"]
[Black "Lakusic, Zoran"]
[Result "1/2-1/2"]
[WhiteElo "1989"]
[BlackElo "1639"]
[PlyCount "75"]
[EventDate "2023.04.07"]
[EventType "swiss"]
[EventRounds "5"]
[EventCountry "MNE"]
[SourceVersionDate "2023.04.08"]

1. e4 d6 2. d4 Nf6 3. Bd3 e5 4. Ne2 Be7 5. a3 a6 6. b4 c5 7. bxc5 exd4 8. cxd6
Bxd6 9. Nxd4 Be5 10. c3 Ng4 11. h3 Nxf2 12. Kxf2 Bxd4+ 13. cxd4 Qxd4+ 14. Be3
Qxa1 15. Qa4+ Bd7 16. Qb4 Qf6+ 17. Ke2 Nc6 18. Qxb7 Rb8 19. Qxa6 O-O 20. Nd2
Nd4+ 21. Ke1 Nc2+ 22. Ke2 Qxa6 23. Bxa6 Nxe3 24. Kxe3 Ra8 25. Bd3 Rxa3 26. Nc4
Ra2 27. Ne5 Be6 28. Be2 Ra3+ 29. Kf2 f5 30. exf5 Bxf5 31. Nf3 g6 32. Rd1 Kg7
33. Kg3 Kh6 34. Rd6 Re3 35. Kf2 Re6 36. Rd2 Be4 37. Kg3 Bxf3 38. Bxf3 1/2-1/2

[Event "CEDIS Festival saha 2023 - 1. turnir"]
[Site "Podgorica"]
[Date "2023.04.09"]
[Round "4.9"]
[White "Dedic, Slavko"]
[Black "Djukic, Katarina"]
[Result "0-1"]
[WhiteElo "1797"]
[BlackElo "1381"]
[PlyCount "150"]
[EventDate "2023.04.07"]
[EventType "swiss"]
[EventRounds "5"]
[EventCountry "MNE"]
[SourceVersionDate "2023.04.08"]

1. c4 Nf6 2. d4 g6 3. Nc3 Bg7 4. e4 d6 5. Nf3 O-O 6. Be2 e5 7. dxe5 dxe5 8.
Qxd8 Rxd8 9. Bg5 Bg4 10. Bxf6 Bxf6 11. Nd5 Bxf3 12. Bxf3 Nd7 13. Bg4 Bg7 14.
O-O-O Nf6 15. Bf3 c6 16. Nc3 Nd7 17. Rd6 Bf8 18. Rdd1 Nc5 19. Kc2 Rd4 20. Be2
Rad8 21. f3 Bh6 22. Nb1 Ne6 23. Nc3 Rd2+ 24. Rxd2 Rxd2+ 25. Kb1 Nf4 26. Re1
Nxg2 27. Rd1 Rxd1+ 28. Nxd1 Nf4 29. Bf1 Kg7 30. Nf2 f5 31. Kc2 Kf6 32. h4 Bf8
33. a3 Ke6 34. b4 Be7 35. c5 Bxh4 36. Nd1 h5 37. Ne3 Bd8 38. Bc4+ Kf6 39. exf5
gxf5 40. Kd1 h4 41. Nf1 e4 42. fxe4 fxe4 43. a4 Bc7 44. a5 Nh5 45. a6 b5 46.
cxb6 Bxb6 47. b5 cxb5 48. Bxb5 Bc7 49. Bd7 Nf4 50. Ne3 Ke5 51. Ng4+ Kd4 52. Bc6
e3 53. Bf3 Kd3 54. Nxe3 Kxe3 55. Bg4 h3 56. Bxh3 Nxh3 57. Kc2 Kd4 58. Kb3 Kc5
59. Ka4 Kb6 60. Kb4 Kxa6 61. Ka4 Ng5 62. Kb3 Kb5 63. Ka3 Bd6+ 64. Kb3 a5 65.
Ka2 Ka4 66. Kb2 Nf3 67. Ka2 Nd2 68. Ka1 Nb3+ 69. Ka2 Kb4 70. Kb1 a4 71. Ka2
Nc1+ 72. Kb1 a3 73. Kxc1 Kb3 74. Kb1 a2+ 75. Ka1 Be5# 0-1

[Event "CEDIS Festival saha 2023 - 1. turnir"]
[Site "Podgorica"]
[Date "2023.04.09"]
[Round "4.10"]
[White "Zizic, Djordje"]
[Black "Soc, Bogdan"]
[Result "0-1"]
[WhiteElo "1420"]
[BlackElo "1713"]
[PlyCount "120"]
[EventDate "2023.04.07"]
[EventType "swiss"]
[EventRounds "5"]
[EventCountry "MNE"]
[SourceVersionDate "2023.04.08"]

1. e4 c5 2. d4 cxd4 3. Nf3 Nc6 4. c3 Nf6 5. e5 Nd5 6. cxd4 e6 7. Nc3 Nxc3 8.
bxc3 d6 9. Bf4 Be7 10. Bd3 dxe5 11. Nxe5 Nxe5 12. Bxe5 Bf6 13. Bf4 O-O 14. Qc2
h6 15. O-O Bd7 16. Qd2 Bc6 17. Bxh6 Qd5 18. f3 Qh5 19. Bf4 g6 20. Be4 Kg7 21.
Bxc6 bxc6 22. Qe3 Rad8 23. Rfe1 Rd5 24. Rab1 Rfd8 25. Kh1 c5 26. Rb7 cxd4 27.
Qxe6 g5 28. Be5 Rxe5 29. Rxe5 dxc3 30. Rd5 c2 31. Qc6 Rxd5 32. Qxc2 Qg6 33. Qb3
Qd3 34. Qxd3 Rxd3 35. Kg1 Rd1+ 36. Kf2 Rd2+ 37. Kg3 Rxa2 38. Rb5 Kg6 39. f4
gxf4+ 40. Kxf4 Rxg2 41. Ra5 Bd4 42. Rd5 Rxh2 43. Rd6+ Bf6 44. Ra6 Re2 45. Rxa7
Be5+ 46. Kf3 Rf2+ 47. Ke3 Rf5 48. Ra6+ f6 49. Ra7 Kg5 50. Rg7+ Kh4 51. Rh7+ Kg4
52. Rg7+ Rg5 53. Rxg5+ fxg5 54. Kf2 Kh3 55. Kg1 g4 56. Kh1 g3 57. Kg1 Bd4+ 58.
Kf1 g2+ 59. Ke2 g1=Q 60. Kf3 Qe3# 0-1

[Event "CEDIS Festival saha 2023 - 1. turnir"]
[Site "Podgorica"]
[Date "2023.04.09"]
[Round "4.12"]
[White "Maras, Marija Mia"]
[Black "Grbovic, Dino"]
[Result "0-1"]
[WhiteElo "1035"]
[BlackElo "1713"]
[PlyCount "62"]
[EventDate "2023.04.07"]
[EventType "swiss"]
[EventRounds "5"]
[EventCountry "MNE"]
[SourceVersionDate "2023.04.08"]

1. c4 Nf6 2. Nf3 g6 3. g3 Bg7 4. Bg2 d6 5. O-O c5 6. Nc3 O-O 7. b3 a6 8. Bb2 e6
9. d4 Qc7 10. Qd3 cxd4 11. Nxd4 Nbd7 12. Rab1 Rb8 13. Qc2 Ne5 14. Ne4 Nxe4 15.
Bxe4 Qb6 16. Nf3 f5 17. Nxe5 dxe5 18. Bd3 Rf7 19. e3 Bd7 20. c5 Qc7 21. Be2 g5
22. Bh5 Rf6 23. Be2 Bc6 24. Rbd1 f4 25. Bd3 Rh6 26. b4 Qf7 27. Be2 f3 28. g4
fxe2 29. Qxe2 Bb5 30. Qd2 Bxf1 31. Kxf1 Rxh2 0-1

[Event "CEDIS Festival saha 2023 - 1. turnir"]
[Site "Podgorica"]
[Date "2023.04.09"]
[Round "4.13"]
[White "Perazic, Dragutin"]
[Black "Pavlovic, David"]
[Result "1-0"]
[WhiteElo "1672"]
[BlackElo "1379"]
[PlyCount "116"]
[EventDate "2023.04.07"]
[EventType "swiss"]
[EventRounds "5"]
[EventCountry "MNE"]
[SourceVersionDate "2023.04.08"]

1. e4 e5 2. Nf3 Nc6 3. d4 exd4 4. Nxd4 Nxd4 5. Qxd4 Qf6 6. Qe3 Qb6 7. Qxb6 axb6
8. Nc3 Nf6 9. Bd2 Be7 10. Bd3 d6 11. O-O O-O 12. a3 Be6 13. Bg5 h6 14. Bh4 Rfe8
15. f3 Nd7 16. Bxe7 Rxe7 17. Rfe1 Ne5 18. Rad1 Nc6 19. Bb5 Rae8 20. Kf2 f5 21.
exf5 Bxf5 22. Nd5 Rxe1 23. Rxe1 Rxe1 24. Kxe1 Bxc2 25. Nxc7 Kf7 26. Nd5 Bb3 27.
Nxb6 Ke7 28. Bc4 Bxc4 29. Nxc4 b5 30. Ne3 Ke6 31. Kd2 Ke5 32. Kd3 d5 33. g3 d4
34. f4+ Kd6 35. Nf5+ Kd5 36. Nxg7 b4 37. Nf5 h5 38. Nh4 bxa3 39. bxa3 Na5 40.
Nf3 Nc6 41. h3 Na5 42. Nxd4 Nc4 43. Nf5 Nxa3 44. Ng7 Nc4 45. Nxh5 Nd6 46. Ke3
Nf5+ 47. Kf3 Ke6 48. g4 Ne7 49. Ng3 Kf6 50. h4 Kg6 51. f5+ Kg7 52. g5 Ng8 53.
Kg4 Kh7 54. Ne4 Kh8 55. h5 Kg7 56. f6+ Kf7 57. Kf5 Kf8 58. h6 Kf7 1-0

[Event "CEDIS Festival saha 2023 - 1. turnir"]
[Site "Podgorica"]
[Date "2023.04.09"]
[Round "5.1"]
[White "Vukcevic, Nemanja"]
[Black "Draganic, Veljko"]
[Result "1/2-1/2"]
[WhiteElo "2305"]
[BlackElo "2263"]
[PlyCount "83"]
[EventDate "2023.04.07"]
[EventType "swiss"]
[EventRounds "5"]
[EventCountry "MNE"]
[SourceVersionDate "2023.04.08"]

1. e4 c6 2. Nc3 d5 3. Nf3 Bg4 4. h3 Bxf3 5. Qxf3 e6 6. Be2 Nd7 7. d4 dxe4 8.
Nxe4 Ngf6 9. Nd2 Be7 10. O-O O-O 11. Nc4 Nb6 12. Na5 Rb8 13. Rd1 Nbd5 14. Nb3
b5 15. Bd2 Bd6 16. Na5 Qc7 17. c4 bxc4 18. Nxc4 c5 19. dxc5 Bxc5 20. Rac1 Bb4
21. Bg5 h6 22. Bh4 Rbc8 23. Bg3 Qd7 24. a3 Be7 25. b4 Rfd8 26. b5 Qe8 27. Ne5
Rxc1 28. Rxc1 Ra8 29. Nc6 Bf8 30. Qd3 Qd7 31. a4 Bd6 32. Bxd6 Qxd6 33. Nxa7 Qb4
34. Rc8+ Rxc8 35. Nxc8 Qxa4 36. b6 Qb4 37. Qc4 Qe1+ 38. Bf1 Ne4 39. Qe2 Qb4 40.
Qb5 Qe1 41. Qe2 Qb4 42. Qb5 1/2-1/2

[Event "CEDIS Festival saha 2023 - 1. turnir"]
[Site "Podgorica"]
[Date "2023.04.09"]
[Round "5.2"]
[White "Skvortsov, Andrei"]
[Black "Zivkovic, Slaven"]
[Result "1-0"]
[WhiteElo "2313"]
[BlackElo "1929"]
[PlyCount "59"]
[EventDate "2023.04.07"]
[EventType "swiss"]
[EventRounds "5"]
[EventCountry "MNE"]
[SourceVersionDate "2023.04.08"]

1. g3 d5 2. Bg2 Nf6 3. c4 e6 4. Nf3 Be7 5. O-O O-O 6. d4 dxc4 7. Qc2 a6 8. a4
Bd7 9. Ne5 Bc6 10. Nxc6 Nxc6 11. e3 Na5 12. Rd1 Nb3 13. Ra2 Nxc1 14. Qxc1 c6
15. Nd2 Qc7 16. Qxc4 Rac8 17. Raa1 e5 18. dxe5 Qxe5 19. Nf3 Qh5 20. Qb3 b5 21.
Nd4 Ng4 22. h3 Ne5 23. axb5 axb5 24. f4 Nc4 25. Nxc6 Rxc6 26. Bxc6 Qxh3 27. Kf2
Bc5 28. Rd3 Qh2+ 29. Bg2 Qh5 30. Rd5 1-0

[Event "CEDIS Festival saha 2023 - 1. turnir"]
[Site "Podgorica"]
[Date "2023.04.09"]
[Round "5.3"]
[White "Skvortsova, Alena"]
[Black "Abramovic, Dragoljub"]
[Result "1-0"]
[WhiteElo "2039"]
[BlackElo "2016"]
[PlyCount "83"]
[EventDate "2023.04.07"]
[EventType "swiss"]
[EventRounds "5"]
[EventCountry "MNE"]
[SourceVersionDate "2023.04.08"]

1. e4 c6 2. d4 d5 3. e5 Bf5 4. h4 h5 5. c4 e6 6. Nc3 Ne7 7. Bg5 Qb6 8. Qd2 dxc4
9. Bxc4 Nd5 10. Nge2 Nd7 11. Ng3 Bg6 12. O-O Ne7 13. Rfd1 Qc7 14. Rac1 Nf5 15.
Nge4 Nb6 16. Bb3 Qd7 17. Qe1 Be7 18. Nc5 Qc8 19. Bxe7 Nxe7 20. N3e4 Bxe4 21.
Nxe4 O-O 22. Qd2 Qd8 23. Nd6 Rb8 24. Bc2 g6 25. Qh6 Nbd5 26. Rd3 Nf5 27. Nxf5
exf5 28. Rg3 Ne7 29. Bb3 Qxd4 30. Rxg6+ Nxg6 31. Qxg6+ Kh8 32. Qxh5+ Kg7 33.
Qg5+ Kh8 34. Qh6+ Kg8 35. Rc3 Qxe5 36. Rg3+ Qxg3 37. fxg3 Rbd8 38. h5 Rd3 39.
Qg6+ Kh8 40. Bxf7 Rxf7 41. Qxf7 Rxg3 42. Qf8+ 1-0

[Event "CEDIS Festival saha 2023 - 1. turnir"]
[Site "Podgorica"]
[Date "2023.04.09"]
[Round "5.4"]
[White "Djukic, Katarina"]
[Black "Tomic, Aleksandar"]
[Result "0-1"]
[WhiteElo "1381"]
[BlackElo "2396"]
[PlyCount "60"]
[EventDate "2023.04.07"]
[EventType "swiss"]
[EventRounds "5"]
[EventCountry "MNE"]
[SourceVersionDate "2023.04.08"]

1. e4 c6 2. d4 d6 3. Bd3 Nf6 4. Nf3 e5 5. O-O Nbd7 6. Nbd2 Be7 7. c3 O-O 8. Re1
Re8 9. Nf1 Bf8 10. Ng3 g6 11. Qb3 Qb6 12. Qxb6 axb6 13. h3 b5 14. Be3 Be7 15.
Nd2 Bd8 16. f4 Nb6 17. f5 Nbd7 18. a3 Bc7 19. Rf1 d5 20. fxg6 hxg6 21. exd5
Nxd5 22. Rae1 Nxe3 23. Rxe3 Rf8 24. Nf3 exd4 25. Nxd4 Ne5 26. Rfe1 Nxd3 27.
Rxd3 Rd8 28. Red1 Bxg3 29. Nxc6 Rxd3 30. Ne7+ Kf8 0-1